000 00459nam a2200181Ia 4500
008 230524s9999 xx 000 0 und d
020 _a9789352606184
082 _a621.3824
_bKRA
100 _aJohn.D.kraus
245 0 _aAntennas and Wave Propagation
250 _a5
260 _aNew Delhi
_bMGH
_c2018
300 _a"xx,984p;"
500 _aQuantity Number: 5
650 _aElectronics
700 _a"Ronald.j. Marhefka, Ahmad.S.Khan"
942 _cBK
999 _c59485
_d59485